|
|
|
|
| LEADER |
01205nam a2200313 a 4500 |
| 001 |
621 |
| 003 |
BD-DhAAL |
| 005 |
20150427093459.0 |
| 008 |
150427s1997 nr ab b i001 0 eng d |
| 010 |
|
|
|a 98106759
|
| 020 |
|
|
|a 9781311258
|
| 035 |
|
|
|a (OCoLC)37728132
|
| 040 |
|
|
|a DIDB
|c DIDB
|d CU
|d DNAL
|d DNAL
|d DLC
|d BD-DhAAL
|
| 050 |
0 |
4 |
|a S540.O53
|b F54 1997
|
| 070 |
0 |
|
|a S540.O53F54
|b 1997
|
| 082 |
0 |
0 |
|a 630/.7/24
|2 21
|
| 245 |
0 |
2 |
|a A field guide for on-farm experimentation /
|c H.J.W. Mutsaers ... [et al.].
|
| 260 |
|
|
|a Ibadan, Nigeria :
|b International Institute of Tropical Agriculture,
|c c1997.
|
| 300 |
|
|
|a xv, 235 p. :
|b ill., maps ;
|c 25 cm.
|
| 500 |
|
|
|a "August 1997."
|
| 504 |
|
|
|a Includes bibliographical references (p. 225-227) and indexes.
|
| 541 |
|
|
|e 621
|
| 650 |
|
0 |
|a Agriculture
|x Research
|x On-farm.
|9 10655
|
| 650 |
|
0 |
|a Agriculture
|x Research
|z Africa
|x On-farm.
|9 10656
|
| 700 |
1 |
|
|a Mutsaers, H. J. W.,
|d 1940-
|9 10657
|
| 710 |
2 |
|
|a International Institute of Tropical Agriculture.
|9 10658
|
| 942 |
|
|
|2 ddc
|c BK
|
| 999 |
|
|
|c 34303
|d 34303
|
| 952 |
|
|
|0 0
|1 0
|2 ddc
|4 0
|6 630_724000000000000_FIE
|7 0
|9 53559
|a SCL
|b SCL
|c GEN
|d 2015-04-27
|g 500.00
|l 0
|o 630.724 FIE
|p 3020000621
|r 2015-04-27
|t 1
|w 2015-04-27
|y BK
|